000 00905cam a2200313 i 4500
999 _c150303
_d27183
001 150303
003 TR-AnTOB
005 20240404104548.0
007 ta
008 061019s1988 tu d 000 0 tur d
040 _aTR-AnTOB
_beng
_erda
_cTR-AnTOB
041 0 _atur
050 _aHC492
090 _aHC492
099 _aTOBB TEL 1988
110 2 _aTürkiye Ticaret, Sanayi, Deniz Ticaret Odaları ve Ticaret Borsaları Birliği
_9117931
245 1 0 _aTV açık oturumunda 4 şubat kararları :
_bPanorama
264 1 _aAnkara :
_bTOBB,
_c1988.
300 _a32 pages :
_btables ;
_c20 cm
336 _atext
_btxt
_2rdacontent
337 _aunmediated
_bn
_2rdamedia
338 _avolume
_bnc
_2rdacarrier
490 0 _aTOBB ;
_vGenel:52
651 7 _aTürkiye
_xEkonomik durum
_y1960-
_965270
901 _aTA00375,TA00376,TA00377,TA00378
902 _aCT.
942 _2lcc
_cBK